Nguyễn Đình Chiểu ngôi sao sáng của người trí thức Việt Nam
Cuộc đời, thân thế, sự nghiệp Nguyễn Đình Chiểu (1822-1888). Sách làm nổi bật sự tu dưỡng đạo đức, giữ gìn khí tiết và nhân cách người trí thức Việt Nam của ông ở nửa cuối thế kỷ 19
Salvato in:
| Autore principale: | |
|---|---|
| Altri autori: | |
| Natura: | Libro |
| Lingua: | Vietnamese |
| Pubblicazione: |
H.
Khoa học và xã hội
1982
|
| Soggetti: | |
| Tags: |
Aggiungi Tag
Nessun Tag, puoi essere il primo ad aggiungerne! !
|
| Thư viện lưu trữ: | Mạng thư viện Đại học Đà Nẵng |
|---|
| LEADER | 01439nam a2200361 4500 | ||
|---|---|---|---|
| 001 | 000006787 | ||
| 003 | 2947 | ||
| 005 | 20120425080437.0 | ||
| 008 | 110921s1982 viesd | ||
| 020 | |c 6500đ | ||
| 041 | 0 | |a vie | |
| 082 | |a 895.9221 |b NG-C | ||
| 100 | 0 | |a Vũ Khiêu | |
| 245 | 0 | |a Nguyễn Đình Chiểu ngôi sao sáng của người trí thức Việt Nam |c Vũ Khiêu, Nguyễn Đức Sự | |
| 260 | |a H. |b Khoa học và xã hội |c 1982 | ||
| 300 | |a 119 tr |c 19 cm | ||
| 520 | |a Cuộc đời, thân thế, sự nghiệp Nguyễn Đình Chiểu (1822-1888). Sách làm nổi bật sự tu dưỡng đạo đức, giữ gìn khí tiết và nhân cách người trí thức Việt Nam của ông ở nửa cuối thế kỷ 19 | ||
| 653 | |a Nguyễn Đình Chiểu | ||
| 653 | |a danh nhân | ||
| 653 | |a Việt Nam | ||
| 653 | |a văn học cận đại | ||
| 700 | |a Nguyễn Đức Sự |e Tác giả | ||
| 910 | |a Nguyễn Thị Kim Oanh |d 21/09/2011 | ||
| OWN | |a LSP | ||
| AVA | |a UDN50 |b LSP |d 895.9221 NG-C |e available |t Error 5001 Not defined in file expand_doc_bib_avail. |f 3 |g 1 |h N |i 0 |k 1 | ||
| 999 | |a From the UDN01 | ||
| AVA | |a UDN50 |b LSP |d 895.9221 NG-C |e available |t Error 5001 Not defined in file expand_doc_bib_avail. |f 3 |g 1 |h N |i 0 |k 1 | ||
| TYP | |a Monograph | ||
| TYP | |a Printed language | ||
| 980 | |a Mạng thư viện Đại học Đà Nẵng | ||